[Event "Nordic-chT U17"]
[Site "Fredericia"]
[Date "2023.01.20"]
[Round "1.2"]
[White "Li, Nikolaj"]
[Black "Medhus, Vitus Bondo"]
[Result "0-1"]
[WhiteElo "1547"]
[BlackElo "2101"]
[PlyCount "66"]
[EventDate "2023.01.20"]
[EventType "team-tourn"]
[EventRounds "5"]
[EventCountry "DEN"]
[SourceTitle "CBM 213 Extra"]
[Source "ChessBase"]
[SourceDate "2023.05.31"]
[SourceVersion "1"]
[SourceVersionDate "2023.05.31"]
[SourceQuality "1"]
[WhiteTeam "Denmark"]
[BlackTeam "Denmark II"]
[WhiteTeamCountry "DEN"]
[BlackTeamCountry "DEN"]

1. d4 f5 2. c4 Nf6 3. Nf3 e6 4. Nbd2 d5 5. e3 c6 6. Be2 Bd6 7. c5 Bc7 8. b4 Nbd7 9. Ng5 Qe7 10. f3 h6 11. Nh3 e5 12. 0-0 exd4 13. exd4 Qe3+ 14. Kh1 Qxd4 15. Nb3 Qxd1 16. Rxd1 0-0 17. Nd4 Ne5 18. Nf4 Re8 19. a4 a6 20. Bd2 g5 21. Nd3 Kg7 22. b5 Bd7 23. bxa6 bxa6 24. Nb4 a5 25. Na6 Bd8 26. Rab1 Kg6 27. Rb8 Ra7 28. Rb3 Be7 29. Bxa5 Nc4 30. Bxc4 dxc4 31. Rb4 Rxa6 32. Bb6 Nd5 33. Rxc4 Ne3 0-1